DIFFERENTIAL CALCULUS (Record no. 9222)
[ view plain ]
| 000 -LEADER | |
|---|---|
| fixed length control field | 00448nam a22001577a 4500 |
| 003 - CONTROL NUMBER IDENTIFIER | |
| control field | SGT |
| 020 ## - INTERNATIONAL STANDARD BOOK NUMBER | |
| International Standard Book Number | 9788121904711 |
| 082 ## - DEWEY DECIMAL CLASSIFICATION NUMBER | |
| Classification number | 515.3, NAR |
| 100 ## - MAIN ENTRY--PERSONAL NAME | |
| Personal name | NARAYAN SHANTI |
| 245 ## - TITLE STATEMENT | |
| Title | DIFFERENTIAL CALCULUS |
| Remainder of title | FOR B. A. AND B. SC. STUDENTS |
| 260 ## - PUBLICATION, DISTRIBUTION, ETC. (IMPRINT) | |
| Place of publication, distribution, etc | NEW DELHI |
| Name of publisher, distributor, etc | S CHAND |
| Year of Publication | 2016 |
| 300 ## - PAGE DESCRIPTION | |
| No. of Pages | 571 |
| 650 ## - SUBJECT ADDED ENTRY--TOPICAL TERM | |
| Topical term or geographic name as entry element | MATHEMATICS |
| 653 ## - KEYWORDS--INDEX TERM | |
| Keyword term | FUNCTIONS AND GRAPHS -ELEMENTARY FUNCTIONS, CONTINUITY AND LIMIT, DIFFERENTIATION |
| 942 ## - ADDED ENTRY ELEMENTS (KOHA) | |
| Source of classification or shelving scheme | Dewey Decimal Classification |
| Koha item type | FPS Books |
| 942 ## - ADDED ENTRY ELEMENTS (KOHA) | |
| -- | 11 |
| Withdrawn status | Lost status | Source of classification or shelving scheme | Damaged status | Not for loan | Collection code | Home library | Current library | Shelving location | Date acquired | Vendor Name | Cost, normal purchase price | SGTU | Bill Number | Total Checkouts | Full call number | Accession No. (Barcode) | Date last seen | Date last borrowed | Bill Date | Koha item type |
|---|---|---|---|---|---|---|---|---|---|---|---|---|---|---|---|---|---|---|---|---|
| Dewey Decimal Classification | SCIENCE | SGT Science & Social Sciences Library | SGT Science & Social Sciences Library | Text Book | 24/06/2016 | AHUJA BOOK | 395.00 | SGTU | 6884 | 20 | 515.3, NAR | PS1871 | 09/12/2023 | 05/12/2023 | FPS Books | |||||
| Dewey Decimal Classification | Not For Loan | SCIENCE | SGT Science & Social Sciences Library | SGT Science & Social Sciences Library | Reference Book | 24/06/2016 | AHUJA BOOK | 395.00 | SGTU | 6884 | 2 | 515.3, NAR | PS1872 | 22/11/2018 | 17/11/2018 | FPS Books |